|
|
|
|
| LEADER |
00000nab a2200000 a 4500 |
| 001 |
vtls000197255 |
| 003 |
SK-MaSNL |
| 005 |
20260319074648.0 |
| 008 |
111103c1984 xo 0 rus |
| 015 |
|
|
|a SNBRA19rr/mm-uuuuu
|
| 035 |
|
|
|a CL0207368
|
| 040 |
|
|
|a SNKBUCL
|b slo
|c SNKBUCL
|e AACR2
|
| 041 |
0 |
|
|a rus
|
| 044 |
|
|
|a xo
|c SK
|
| 080 |
|
|
|a 802/809:37.02
|2 1981
|
| 080 |
|
|
|a 37.02
|2 1981
|
| 100 |
1 |
|
|a Nikolajevová, N. S.
|4 aut
|9 930687
|
| 245 |
1 |
0 |
|a Psichologičeskije osnovy intensifikacii obučenija
|c N. S. Nikolajevová ; N. S. Nikolajeva
|
| 300 |
|
|
|b Res. slov., angl., nem., lit. 3 zázn. v ruš.
|
| 650 |
0 |
7 |
|a cudzie jazyky
|2 snkbucl
|9 69722
|
| 655 |
|
7 |
|a články zo zborníkov
|2 snkbucl
|9 166140
|
| 700 |
1 |
|
|a Nikolajeva, N. S.
|4 aut
|9 930688
|
| 773 |
0 |
|
|t Práce a štúdie Vysokej školy dopravy a spojov v Žiline. Séria spoločenskovedná. Zv. 10
|d Bratislava : Alfa, 1984
|g S. 41-45
|
| 850 |
|
|
|a Slovenská národná knižnica v Martine
|a MTA001
|
| 852 |
|
|
|a SNK
|b KIS3GCP
|
| 958 |
|
|
|a RK
|
| 992 |
|
|
|a RZB
|
| 999 |
|
|
|c 1476749
|d 1478679
|